000 00897nam a22003017a 4500
001 5315
003 FISKH
005 20250819074702.0
008 241126b cb ||||| |||| 00| 0 eng d
020 _a0590455680
040 _aFISKH
_beng
_cFISKH
_dFISKH
050 _aPZ7.R62
082 _a306
100 _aRoe, Eileen
_d(1989-)
245 _aWith my brother /
_cby por Eileen Roe illustrations by Robert Casilla
250 _aFirst printing in 1992
260 _aNew York :
_bScholastic,
_c1992.
300 _a29 pages :
_bColor illustrations ;
_c21 cm
505 _aG
520 _aA little boy admires his big brother and aspires to be like him when he is older.
521 8 _a420
_bLexile
521 8 _aG
_bRaz-Plus
650 _2Brother
_aSiblings
650 _2Family
_aMulticultural
700 _aCasilla, Robert
_dIllustrator
942 _2ddc
_cBK
_n0
999 _c5315
_d5315